000
00289nam a2200121Ia 4500
008
190216s9999||||xx |||||||||||||| ||und||
100
_a
Christopher E Strangio
245
0
_a
Digital Electronics
260
_b
Prentice Hall India
_c
1984
300
_a
523p
650
_a
Physics
942
_c
BK
999
_c
32993
_d
32993